000 00907cam a22003013a 4500
001 14301
003 PGUSA
005 20140828083315.0
008 041208s2004||||xxu|||||s|||||000 1 eng d
040 _aPGUSA
_beng
042 _adc
050 4 _aPQ
100 1 _aBenoît, Pierre,
_d1886-1962
245 1 0 _aAtlantida
_h[electronic resource] /
_cPierre Benoît
260 _bProject Gutenberg,
_c2004
500 _aTranslation of: L'Atlantide
506 _aPublic domain in the USA.
516 _aElectronic text
653 _aFrench fiction -- 20th century -- Translations into English
653 _aScience fiction, French
653 _aAtlantis (Legendary place) -- Fiction
700 1 _aRoss, Mary
700 1 _aTongue, Mary Van Arsdale,
_d1891-
740 0 _aL'Atlantide. English
830 0 _aProject Gutenberg
_v14301
856 4 0 _uhttp://www.gutenberg.org/ebooks/14301
942 _cEB
999 _c243556
_d243556